export_success — 

Supply chain as strategic asset : the key to reaching business goals.

Bibliographic Details
Main Author: Sehgal
Format: Book
Published: Hoboken, New Jersey: John Wiley & Sons, 2011.
Subjects:
LEADER 00482cam a2200157 7i4500
001 0000027305
005 20120322090000.0
020 0 0 |a 9780470874776  
090 0 0 |a B 658.7   |b SEH 
100 1 0 |a Sehgal  
245 1 0 |a Supply chain as strategic asset :   |b the key to reaching business goals. 
260 0 0 |a Hoboken, New Jersey:   |b John Wiley & Sons,   |c 2011. 
300 # # |a 305 p. 
650 0 0 |a Strategic management  
650 0 0 |a Business logistics  
999 |a B000029962  |b Book  |c Book  |e Business Information Centre